The only fatherland : (Record no. 89222)

MARC details
000 -LEADER
fixed length control field 01069nam a22002777a 4500
005 - DATE AND TIME OF LATEST TRANSACTION
control field 20180224135505.0
010 ## - LCCN (DPL NO)
LC control number BAC-EN21 ENG-111635 B-663933
020 ## - INTERNATIONAL STANDARD BOOK NUMBER
International Standard Book Number 9789351365938
Terms of availability 299.00
035 ## - SYSTEM CONTROL NUMBER
System control number EN-95167
035 ## - SYSTEM CONTROL NUMBER
System control number B-583265-277
035 ## - SYSTEM CONTROL NUMBER
System control number B-663933
037 ## - SOURCE OF ACQUISITION
Source of stock number/acquisition Pansy Books/Ven
Stock number dpl
037 ## - SOURCE OF ACQUISITION
Source of stock number/acquisition DBAD/PUB
082 ## - DEWEY DECIMAL CLASSIFICATION NUMBER
Classification number 324.254075
100 1# - MAIN ENTRY--PERSONAL NAME
Personal name Shourie, Arun
245 10 - TITLE STATEMENT
Title The only fatherland :
Remainder of title communists, 'Quit India' and the Soviet Union /
Statement of responsibility, etc by Arun Shourie
260 ## - PUBLICATION, DISTRIBUTION, ETC. (IMPRINT)
Place of publication, distribution, etc Noida
Name of publisher, distributor, etc Harper Collins Publishers
Date of publication, distribution, etc 2014
270 ## - ADDRESS
Address A-75,Sector 57
City Noida
Postal code 201301
300 ## - PHYSICAL DESCRIPTION
Extent 204p.
Dimensions 22cm(pbk)
500 ## - GENERAL NOTE
General note Includes index.
610 ## - SUBJECT ADDED ENTRY--CORPORATE NAME
Corporate name or jurisdiction name as entry element Communist Party of India (Marxist)
650 ## - SUBJECT ADDED ENTRY--TOPICAL TERM
Topical term or geographic name as entry element Naxalite Movement.
942 ## - ADDED ENTRY ELEMENTS (KOHA)
Source of classification or shelving scheme Dewey Decimal Classification
Item type English Books
Call number suffix SHO
Classification part 324.254075
Holdings
Withdrawn status Lost status Not for loan Collection code Home library Current library Date acquired Source of acquisition Cost, normal purchase price Full call number Barcode Copy number Cost, replacement price Koha item type
      Non-fiction Ashok Vihar Ashok Vihar 24/02/2018 Pansy Books/1623/23.02.17/426/15.02.17/01.03.2017 299.00 324.254075 SHO B-663933 1 299.00 English Books
      Non-fiction Bawana Bawana 02/06/2015 Pansy Books/1485/16.12.2014/181/08.12.2014/30.12.2014 299.00 324.254075 SHO B-583277 1 299.00 English Books
      Non-fiction Central Jail Tihar Central Jail Tihar 02/06/2015 Pansy Books/1485/16.12.2014/181/08.12.2014/30.12.2014 299.00 324.254075 SHO B-583270 1 299.00 English Books
      Non-fiction Central Library Central Library 02/06/2015 Pansy Books/1485/16.12.2014/181/08.12.2014/30.12.2014 299.00 324.254075 SHO B-583265 1 299.00 English Books
    Not For Loan Non-fiction D.B.Act.Division D.B.Act.Division 16/01/2015 DBAD/PUB 299.00 324.254075 SHO EN-95167 1 299.00 English Books
      Non-fiction Janak Puri Janak Puri 02/06/2015 Pansy Books/1485/16.12.2014/181/08.12.2014/30.12.2014 299.00 324.254075 SHO B-583271 1 299.00 English Books
      Non-fiction Karol Bagh Karol Bagh 02/06/2015 Pansy Books/1485/16.12.2014/181/08.12.2014/30.12.2014 299.00 324.254075 SHO B-583274 1 299.00 English Books
      Non-fiction Kasturba Gandhi Marg Kasturba Gandhi Marg 02/06/2015 Pansy Books/1485/16.12.2014/181/08.12.2014/30.12.2014 299.00 324.254075 SHO B-583267 1 299.00 English Books
      Non-fiction Narela Narela 02/06/2015 Pansy Books/1485/16.12.2014/181/08.12.2014/30.12.2014 299.00 324.254075 SHO B-583276 1 299.00 English Books
      Non-fiction New Rohtak Road New Rohtak Road 02/06/2015 Pansy Books/1485/16.12.2014/181/08.12.2014/30.12.2014 299.00 324.254075 SHO B-583275 1 299.00 English Books
      Non-fiction Patel Nagar Patel Nagar 02/06/2015 Pansy Books/1485/16.12.2014/181/08.12.2014/30.12.2014 299.00 324.254075 SHO B-583266 1 299.00 English Books
      Non-fiction Peshwa Road Peshwa Road 02/06/2015 Pansy Books/1485/16.12.2014/181/08.12.2014/30.12.2014 299.00 324.254075 SHO B-583268 1 299.00 English Books
      Non-fiction R.K.Puram-8 R.K.Puram-8 02/06/2015 Pansy Books/1485/16.12.2014/181/08.12.2014/30.12.2014 299.00 324.254075 SHO B-583273 1 299.00 English Books
      Non-fiction Sarojini Nagar Sarojini Nagar 02/06/2015 Pansy Books/1485/16.12.2014/181/08.12.2014/30.12.2014 299.00 324.254075 SHO B-583272 1 299.00 English Books
      Non-fiction Tri Nagar Tri Nagar 02/06/2015 Pansy Books/1485/16.12.2014/181/08.12.2014/30.12.2014 299.00 324.254075 SHO B-583269 1 299.00 English Books

© Delhi Public Library
Hit Counter
free hit counter